000 01242cam a2200385 i 4500
001 ocn681456429
005 20250205130743.0
006 m o d
007 cr bn||||||abp
007 cr bn||||||ada
008 101115s1975 enka ob 001 0 eng d
020 _a9781483102535
_q(electronic bk.)
020 _a148310253X
_q(electronic bk.)
020 _z0408001690
020 _z9780408001694
040 _aKO
_beng
041 0 _aeng
082 0 4 _a623.8/1
_218
100 1 _aMuckle, W.
_q(William)
245 1 0 _aNaval architecture for marine engineers /
_cW. Muckle.
260 _aLondon :
_bNewnes-Butterworths,
_c1975.
300 _a1 online resource (407 pages) :
_billustrations
338 _aonline resource
504 _aIncludes bibliographical references and index.
650 0 _aNaval architecture.
650 6 _aArchitecture navale.
_0(CaQQLa)201-0019688
650 7 _anaval architecture.
_2aat
_0(CStmoGRI)aat300054159
650 7 _aTECHNOLOGY & ENGINEERING
_xMilitary Science.
_2bisacsh
650 7 _aNaval architecture.
_2fast
_0(OCoLC)fst01034917
856 _uhttps://www.sciencedirect.com/science/book/9780408001694
904 _aRUDRA_R
905 _aR_RANJAN
942 _2ddc
_cEB
999 _c3355
_d3355